Central Library OPAC University of Rajshahi

Ferromagnetic-relaxation theory / (Record no. 71865)

MARC details
000 -LEADER
fixed length control field 00766nam a2200241 a 4500
001 - CONTROL NUMBER
control field 71865
003 - CONTROL NUMBER IDENTIFIER
rucl marc code BD-RjUL
005 - DATE AND TIME OF LATEST TRANSACTION
control field 20211209082154.0
008 - FIXED-LENGTH DATA ELEMENTS--GENERAL INFORMATION
fixed length control field 170508s1964 us a b 001 0 eng d
035 ## - SYSTEM CONTROL NUMBER
System control number (BD-RjUL) 72081
040 ## - CATALOGING SOURCE
Original cataloging agency BD-RjUL
Language of cataloging eng
Transcribing agency BD-RjUL
Modifying agency BD-RjUL
041 ## - LANGUAGE CODE
Language code of text/sound track or separate title eng
082 ## - DEWEY DECIMAL CLASSIFICATION NUMBER
Edition number 23
Classification number 538.44
Author mark and year SPF 1964
100 1# - MAIN ENTRY--PERSONAL NAME
Personal name Sparks, Marshall.
9 (RLIN) 212576
245 10 - TITLE STATEMENT
Title Ferromagnetic-relaxation theory /
Statement of responsibility, etc. Marshall Sparks
260 ## - PUBLICATION, DISTRIBUTION, ETC. (IMPRINT)
Place of publication, distribution, etc. London :
Name of publisher, distributor, etc. McGraw-Hill,
Date of publication, distribution, etc. c1964
300 ## - PHYSICAL DESCRIPTION
Pagination xiii, 227 p :
Illustrations ill. ;
Size 24 cm
490 1# - SERIES STATEMENT
Series statement McGraw-Hill advanced physics monograph series
504 ## - BIBLIOGRAPHY, ETC. NOTE
Bibliography, etc "Bibliography and author index": p. 211-224
650 #0 - SUBJECT ADDED ENTRY--TOPICAL TERM
Topical term or geographic name as entry element Ferromagnetism
9 (RLIN) 158915
830 #0 - SERIES ADDED ENTRY--UNIFORM TITLE
Uniform title McGraw-Hill advanced physics monograph series
942 ## - ADDED ENTRY ELEMENTS (KOHA)
Source of classification or shelving scheme Dewey Decimal Classification
Koha item type Books
Holdings
Lost status Source of classification or shelving scheme Damaged status Not for loan Collection code Permanent Location Current Location Shelving location Date acquired Source of acquisition Cost, normal purchase price Total Checkouts Full call number Date last seen Copy number Koha item type
  Dewey Decimal Classification   Not For Loan Non-fiction Central Library, University of Rajshahi Central Library, University of Rajshahi Reading Room 07/04/1967 book, view 75.00   538.44 SPF 1964 08/05/2017 C-1 Books